Elementary and Intermediate Algebra a combined course

Bibliographic Details
Main Authors: Larson, Ron, Hostetler, Robert P, Neptune, Carolyn F
Format: Section = Libro
Language:Undetermined
Spanish
Published: United States Houghton Mifflin Company 2005
Edition:4a.ed.
Subjects:
LEADER 00666nam a2200253Ia 4500
008 240829s9999 xx 000 0 und d
020 |a 0-618-38837-0 
040 |a BIBLIOTECA-RUSB/ 512.9 L334 
041 |a spa 
082 |a 512.9 L334 
100 1 |a Larson, Ron 
100 1 |b  Hostetler, Robert P 
100 1 |c  Neptune, Carolyn F 
245 1 0 |a Elementary and Intermediate Algebra a combined course 
250 |a 4a.ed. 
260 |a United States  |b Houghton Mifflin Company  |c 2005 
300 |a 983 p. :il. 
650 7 |a ALGEBRA 
650 7 |b  FUNCIONES 
650 7 |c  ECUACIONES 
650 7 |d  SERIES MATEMATICAS 
942 |c BK  |2 ddc 
991 |a TEXTO 
999 |c 1500